| 000 | | | 04138nmc2a22003011x 450 |
| 001 | | | 478781b7-475e-4983-a253-7710e85db738 |
| 005 | | | 20131112235957.0 |
| 100 | ## | $a | 20130605l1927 k y0rusy50 ca |
| 101 | 0# | $a | rus |
| 102 | ## | $a | RU |
| 105 | ## | $a | c z ||||| |
| 200 | 1# | $a | К-т А. Е. "Игнатий Платонович Закревский" |
| | $j | [19--] |
| 215 | ## | $a | 8 листов |
| | $c | портр. |
| 251 | ## | $c | Дело |
| 300 | ## | $a | Заголовок дела на папке: А. Е. К-т. "Игнатий Платонович Закревский" |
| 300 | ## | $a | С дарственной надписью автора Кони А. Ф. |
| 300 | ## | $a | Оттиск |
| 300 | ## | $a | Напечатано типографским способом |
| 330 | ## | $a | Материалы, преподнесенные и посвященные А. Ф. Кони; Книги и другие печатные издания |
| 461 | #0 | $1 | 0013a54f2e3-e9cf-409b-80fa-f0a9bd3c40cb |
| | $1 | 2001 |
| | $a | Кони Анатолий Федорович, юрист, литератор, член академии наук, председатель Санкт-Петербургского окружного суда, член государственного совета |
| | $1 | 251 |
| | $c | Фонд |
| | $1 | 852 |
| | $j | 564 |
| 462 | #0 | $1 | 00178a475cd-a47d-4377-bff3-cee4b81de655 |
| | $1 | 2001 |
| | $a | Опись дел фонда А. Ф. Кони за 1880-1931 гг. |
| | $1 | 251 |
| | $c | Опись |
| | $1 | 852 |
| | $j | 1 |
| 517 | ## | $a | А. Е. К-т. "Игнатий Платонович Закревский" |
| 600 | #1 | $a | К-т |
| | $b | А. Е. |
| 600 | #1 | $a | Кони |
| | $b | А. Ф. |
| | $f | 1844-1927 |
| | $g | Анатолий Федорович |
| 600 | #1 | $a | Закревский |
| | $b | И. П. |
| | $g | Игнатий Платонович |
| 801 | #0 | $a | RU |
| | $b | GA_RF |
| 801 | #1 | $a | RU |
| | $b | НПО Опыт |
| | $c | 20130605 |
| | $2 | rusmarc |
| 801 | #2 | $a | RU |
| | $b | ПБ им. Б.Н. Ельцина |
| | $c | 20131112 |
| | $g | RCR |
| | $2 | rusmarc |
| 852 | ## | $a | ГА РФ |
| | $j | 4113 |
| 937 | ## | $d | 41463693 |
| | $h | ПБ |
| 035 | ## | $a | RuPRLIB51006984 |